| 000 | 00821nam a2200265Ia 4500 | ||
|---|---|---|---|
| 001 | 12181 | ||
| 003 | GE_BSU | ||
| 008 | 181216s||||||||xx |||||||||||||| ||und|| | ||
| 020 | _a97871331394 | ||
| 040 | _cGE_BSU | ||
| 080 | _a341.75 | ||
| 100 | _aВуд,Дж. | ||
| 245 | _aДипломатический церемониал и протокол. | ||
| 245 | _cПер. с англ. Ю.П.Клюкина, В.В. Пастоева, Г.Н.Фомина. | ||
| 250 | _a2-ое | ||
| 260 | _aМосква | ||
| 260 | _bМеждународные отношения | ||
| 260 | _c2011 | ||
| 300 | _a416стр. | ||
| 300 | _cБиблиогр.с.411 | ||
| 300 | _eПриложения с.398-402 | ||
| 541 | _h50Л. | ||
| 653 | _aДипломатический церемониал и протокол. | ||
| 942 | _cBK | ||
| 999 |
_c45357 _d45357 |
||